Govt. of
Madhya Pradesh

Sardar Patel The Supreme Architect in Unification of India VoL- 2 (Record no. 68762)

MARC details
000 -LEADER
fixed length control field 00307nam a22001097a 4500
082 ## - DEWEY DECIMAL CLASSIFICATION NUMBER
Classification number 954/AGG
100 ## - MAIN ENTRY--AUTHOR NAME
Personal name Aggarwal,Justics S.N.
245 ## - TITLE STATEMENT
Title Sardar Patel The Supreme Architect in Unification of India VoL- 2
260 ## - PUBLICATION, DISTRIBUTION, ETC. (IMPRINT)
Place of publication Hariyana
Name of publisher Gurugram
Year of publication 2020
650 ## - SUBJECT ADDED ENTRY--TOPICAL TERM
Topical Term Indian History
942 ## - ADDED ENTRY ELEMENTS (KOHA)
Koha item type Books
Holdings
Withdrawn status Lost status Damaged status Not for loan Home library Current library Date acquired Cost, normal purchase price Full call number Accession Number Price effective from Koha item type
        MACL MACL 27/02/2026 599.00 954/AGG DPI004183 27/02/2026 Books